The World Wars Quiz - Statistics

General Stats
  • This quiz has been taken 46 times
  • The average score is 4 of 11
Answer Stats
Question Answer % Correct
Which War killed the most people? WW2
75%
Which person made a famous Speech during World War 2? Franklin Roosevelt
63%
True or False: Elizabeth II was Queen during WW1 False
50%
True or False: During WW1, the tank was first developed by the Germans in order to break the stalemate of the Trenches. False
50%
True or False: The Soviets and the Germans had worked together during the war True
38%
Which of these countries lost more soldiers in WW1 than in WW2 UK
38%
What was the largest Tank Battle in human history? Battle of Kursk
25%
Which Country was invaded and occupied by the Allies during the war? Iran
25%
True of False: The Germans captured Stalingrad. True
25%
What War was Hitler involved in Both
13%
Which War killed a higher percentage of the World's population? WW1
0%
No matching quizzes found
Score Distribution
Percent of People with Each Score
Percentile by Number Answered
Your Score History
You have not taken this quiz